• 首页
  • 本馆介绍
  • 公告通知
  • 最新文献
  • 馆藏检索
  • 电子资源
  • 读者导购
  • 参考咨询
  • 我的图书馆
  • 登录
  • 详细信息显示
  • 放入我的书架
  • 预约/预借图书
  • 作者相关作品
  • 分类相关作品
  • 丛书相关作品
  • 出版社相关作品

书目信息

  • 表格格式
  • 工作单格式
  • 卡片格式
题名:
调查研究与信息工作基础
    
 
作者: 杜军 编著
分册:  
出版信息: 北京   中国人民大学出版社  2005
页数: 250
开本: 21cm
丛书名: 现代秘书系列教材
单 册:
中图分类: C31
科图分类:
主题词: 社会科学--调查方法 , 社会科学--工作方法
电子资源:
ISBN: 7-300-06293-8
000 00651nam0 2200217 450
001 0753815641
005 20070930145655.64
010    @a7-300-06293-8@d¥20.00
100    @a20070930d km y0chiy0120 ea
101 0  @achi
200 1  @a调查研究与信息工作基础@Adiao cha yan jiu yu xin xi gong zuo ji chu@f杜军等编著@Fdu jun deng bian zhu
210    @a北京@c中国人民大学出版社@d2005
215    @a250@d21cm
225 2  @a现代秘书系列教材
410  0 @12001 @a现代秘书系列教材
606 0  @a社会科学@x调查方法
606 0  @a社会科学@x工作方法
690    @aC31@v3
701  0 @a杜军@Adu jun@4编著
801  0 @aCN@bPFT@c20070930
905    @a213230@dC31@eg2@f1
    
    调查研究与信息工作基础/杜军等编著.-北京:中国人民大学出版社,2005
    250;21cm.-(现代秘书系列教材)
    
    
    ISBN 7-300-06293-8:¥20.00
    
●
相关链接 在E读中查询图书 在五车中查询图书 在当当中查询图书 在豆瓣中查询图书


正题名:调查研究与信息工作基础     索取号:C31/g2         预约/预借

序号 登录号 条形码 馆藏地/架位号 状态 备注
1 6504298   265042982   密集书库-海洋学院/ [索取号:C31/g2] 在馆    
唐山师范学院图书馆 欢迎您!
大连网信软件有限公司© 版权所有